Nichtlineare Gleichungen und Abbildungsgrade.
Guardado en:
| Autor Principal: | |
|---|---|
| Formato: | Libro |
| Idioma: | German |
| Publicado: |
Berlin ; New York :
Springer-Verlag,
1974.
|
| Series: | Hochschultext
|
| Materias: | |
| Etiquetas: |
Agregar Etiqueta
Sin Etiquetas, Sea el primero en etiquetar este registro!
|
| LEADER | 00747pam a2200241 a 4500 | ||
|---|---|---|---|
| 001 | MAT.inmabb005867 | ||
| 008 | 740802s1974####gw#######b####001#0#ger## | ||
| 005 | 20170523113909.0 | ||
| 245 | 1 | 0 | |a Nichtlineare Gleichungen und Abbildungsgrade. |
| 260 | |a Berlin ; |a New York : |b Springer-Verlag, |c 1974. | ||
| 300 | |a viii, 131 p. ; |c 25 cm. | ||
| 490 | 0 | |a Hochschultext | |
| 504 | |a Bibliografía: p. [125]-129. | ||
| 510 | 4 | |a MR, |c 58 #17985 | |
| 020 | |a 0387068880 | ||
| 100 | 1 | |a Deimling, Klaus, |d 1943- | |
| 650 | 0 | |a Differential equations, Nonlinear. | |
| 650 | 0 | |a Operator theory. | |
| 650 | 0 | |a Differentiable mappings. | |
| 084 | |a 47H10 (55C25 58C99) |2 MR | ||
| 010 | |a 74016047 | ||
| 040 | |a DLC |c DLC |d DLC | ||
| 859 | |h 47 |i D324 |p A-4963 |b BIB. MATEMATICA | ||
